| 000 | 00912nas a2200289 4500 | ||
|---|---|---|---|
| 001 | BR0603254 | ||
| 003 | BR-BrBNA | ||
| 005 | 20231205110155.0 | ||
| 007 | ta | ||
| 008 | 230509b bl.|||p| |||| 00| 00por d | ||
| 040 |
_aBR-BrBNA _bpor _cBiblioteca Nacional de Agricultura |
||
| 041 | _a(Pt) | ||
| 072 | _aF02 | ||
| 100 | 1 | _aFerreira, M. das g.R. | |
| 100 | 1 | _aCarvalho, C.H.S. de | |
| 100 | 1 | _aCarneiro, A. de A. | |
| 100 | 1 | _aDamião Filho, C.F. | |
| 245 | 1 | _aIndução de embriogênese somática em cupuaçu (Theobroma grandiflorum Schum.) | |
| 650 | _aCUPUAÇU | ||
| 650 | _aTHEOBROMA GRANDIFLORUM | ||
| 650 | _aCULTURA DE EMBRIÃO | ||
| 650 | _aINDUÇÃO | ||
| 650 | _aMELHORAMENTO GENÉTICO VEGETAL | ||
| 773 | 0 |
_tRevista Brasileira de Fruticultura (Brazil) _xISSN 0100-2945 _g(Dec 2005), v. 27(3) p. 500-503 _wBR0603254 |
|
| 909 |
_a202311 _bLúcia _c55 _dLúcia Elande |
||
| 942 |
_2AGRIS _n0 _cANA |
||
| 999 |
_c186424 _d186424 |
||